00471nam a22001577a 450000500170000000800410001704000210005804100080007908200180008710000320010524500590013725000120019626000400020830000100024865000550025820260515115024.0240613b |||||||| |||| 00| 0 eng d aIN-DiNCcIN-DiNC dasm a891.4511bMAH aMahanta, Swadhinataeauthor aJonakir poharat Asamiya kabita/cby Swadhinata Mahanta a1st ed. aJorhat:bAsam Sahitya Sabha,c2012. a224p. aCritical analysis of Assamese poetry in Jonaki age